| 000 | 00425nam a22001577a 4500 | ||
|---|---|---|---|
| 003 | OSt | ||
| 005 | 20231003051402.0 | ||
| 008 | 231003b |||||||| |||| 00| 0 eng d | ||
| 040 | _cNOIDA, IIMT COLLEGE OF MANAGEMENT | ||
| 100 | _aKAZMI, AZHAR | ||
| 245 | _aSTRATEGIC MANAGEMENT AND BUSINESS POLICY | ||
| 250 | _a3RD | ||
| 260 |
_aNEW DELHI _bTATA MC GRAW HILL PUB COMPANY LTD _c2008 |
||
| 300 | _a698 | ||
| 942 |
_2ddc _c02 _e3RD |
||
| 999 |
_c57201 _d57201 |
||